Estudio de vigilancia tecnológica sistemas de control y manejo de heladas para el sector agrícola nacional
Gespeichert in:
| Körperschaften: | , |
|---|---|
| Format: | Buch |
| Sprache: | Spanisch |
| Veröffentlicht: |
Santiago
FIA
2016
|
| Ausgabe: | 1a. ed |
| Schriftenreihe: | Estudios para la innovación FIA
|
| Schlagworte: | |
| Tags: |
Tag hinzufügen
Keine Tags, Fügen Sie den ersten Tag hinzu!
|
MARC
| LEADER | 00000cam a2200000 a 4500 | ||
|---|---|---|---|
| 001 | UCC1020 | ||
| 003 | CL-VaPUC | ||
| 008 | 170922e20160000cl |||||||||||||||||spa|d | ||
| 020 | |a 9789563281736v.1 | ||
| 020 | |a 9789563281743v.2 | ||
| 082 | 0 | 4 | |a 634.04 |b FIA |2 21 |
| 110 | 2 | |a FIA |e author |9 594995 | |
| 710 | 2 | |a Fundación para la Innovación Agraria |e author |9 594996 | |
| 245 | 1 | 0 | |a Estudio de vigilancia tecnológica sistemas de control y manejo de heladas para el sector agrícola nacional |
| 250 | |a 1a. ed | ||
| 300 | |a v | ||
| 942 | |c BK | ||
| 945 | |d 20170922 16:51:00 |a dcastane | ||
| 260 | |a Santiago |b FIA |c 2016 | ||
| 500 | |a v.1: análisis del panorama científico y tecnológico | ||
| 500 | |a v.2: análisis de la oferta comercial | ||
| 650 | 7 | |a HELADAS |2 CL-VaPUC |9 527025 | |
| 650 | 0 | |a Hortalizas |9 259501 | |
| 650 | 0 | |a Frutales |9 264870 | |
| 650 | 7 | |a DAÑO A LAS PLANTAS |2 CL-VaPUC |9 527026 | |
| 650 | 7 | |a INNOVACION AGRARIA |2 CL-VaPUC |9 594997 | |
| 583 | |a last modification |c 20170922 16:51:00 |k Rodrigo Vera | ||
| 490 | 0 | |a Estudios para la innovación FIA | |
| 999 | |c 369619 |d 369617 | ||
| 952 | |0 0 |1 0 |3 erb |4 0 |6 634_040000000000000_FIA_2016 |7 0 |8 A |9 485545 |a BIBAGR |b BIBAGR |h v.1 |i 5425212 |l 1 |o 634.04 FIA 2016 |p 5425212 |r 2025-01-20 |s 2022-10-18 |w 2019-11-24 |y BK |z Catalogado en:20170922 |k AGR | ||
| 952 | |0 0 |1 0 |3 erb |4 0 |6 634_040000000000000_FIA_2016 |7 0 |8 A |9 485546 |a BIBAGR |b BIBAGR |h v.2 |i 5425220 |o 634.04 FIA 2016 |p 5425220 |r 2025-01-20 |w 2019-11-24 |y BK |z Catalogado en:20170922 |k AGR | ||